Bioenergy and agriculture : (Record no. 20823)

000 -LEADER
fixed length control field 00995cam a22002777a 4500
040 ## - CATALOGING SOURCE
Transcribing agency SDB
082 00 - DEWEY DECIMAL CLASSIFICATION NUMBER
Classification number 333 FAO 2007 C101 Or.
245 00 - TITLE STATEMENT
Title Bioenergy and agriculture :
Remainder of title promises and challenges /
260 ## - PUBLICATION, DISTRIBUTION, ETC. (IMPRINT)
Place of publication Washington, D.C. :
Name of publisher International Food Policy Research Institute,
Year of publication c2006.
300 ## - PHYSICAL DESCRIPTION
Number of Pages [24] p. :
Other physical details ill. ;
Dimensions 28 cm.
490 1# - SERIES STATEMENT
Series statement Focus ;
500 ## - GENERAL NOTE
General note Cover title.
500 ## - GENERAL NOTE
General note "December 2006"--P. [4] of cover.
500 ## - GENERAL NOTE
General note "2020 Vision for Food, Agriculture, and the Environment."
500 ## - GENERAL NOTE
General note "teri, The Energy and Resources Institute."
650 #0 - SUBJECT ADDED ENTRY--TOPICAL TERM
Topical Term Energy development
650 #0 - SUBJECT ADDED ENTRY--TOPICAL TERM
Topical Term Biomass energy
650 #0 - SUBJECT ADDED ENTRY--TOPICAL TERM
Topical Term Agriculture and energy
700 1# - ADDED ENTRY--PERSONAL NAME
Personal name Hazell, P. B. R.
700 1# - ADDED ENTRY--PERSONAL NAME
Personal name Pachauri, R. K.
710 2# - ADDED ENTRY--CORPORATE NAME
Corporate name or jurisdiction name as entry element International Food Policy Research Institute.
710 2# - ADDED ENTRY--CORPORATE NAME
Corporate name or jurisdiction name as entry element 2020 Vision for Food, Agriculture, and the Environment.
710 2# - ADDED ENTRY--CORPORATE NAME
Corporate name or jurisdiction name as entry element Energy and Resources Institute.
856 41 - ELECTRONIC LOCATION AND ACCESS
Uniform Resource Identifier http://www.ifpri.org/2020/focus/focus14/focus14.pdf
942 ## - ADDED ENTRY ELEMENTS (KOHA)
Koha item type ADB
952 ## - LOCATION AND ITEM INFORMATION (KOHA)
Withdrawn status [LOCAL, KOHA] 0
Holdings
Permanent Location Date acquired Koha item type Lost status Shelving location Barcode Current Location Full call number
Library Block C2022-12-20ADB C101a069746Library Block C333 FAO 2007 C101 Or.
មជ្ឈមណ្ឌលឯការនៃសាកលវិទ្យាល័យភូមិន្ទកសិកម្មចំការដូង

Powered by Koha